000 00385nam a2200157Ia 4500
008 151213s9999 xx 000 0 und d
100 _aCharles W.L.Hill
245 _aInternational Business
_cCharles W.L.Hill
250 _a2nd
260 _aBoston
_bIrwin
_c1997
300 _a2806 p.
650 _aManagement
650 _aManagement
700 _aCharles W.L.Hill
999 _c1916
_d1916